| 000 | 00712nam a2200205 a 4500 | ||
|---|---|---|---|
| 005 | 20240925064259.0 | ||
| 008 | 991125c1965 par 000 0 fre u | ||
| 035 | _aUPN01000049882 | ||
| 049 | _aCG | ||
| 050 | 4 |
_aLB1051 _bL4.7 |
|
| 100 | 1 |
_aLeif, Joseph Jacques _928981 |
|
| 245 | 1 | 0 |
_aPsychologie et éducation / _cJoseph Leif, Jean Delay |
| 260 |
_aParís : _bF. Nathan, _cc1965. |
||
| 300 |
_a4 v. : _bil. |
||
| 505 |
_aContenido: _gv.1. _tL'enfant -- _gv.2. _tL'adolescent -- _gv.3. _tNations de psychométrie -- _gv.4. _tTextes de psychologie de l'enfant et de l'adolescent. |
||
| 650 | 4 |
_aNiño, Estudio del _9221 |
|
| 650 | 4 |
_aPsicopedagogía _95085 |
|
| 700 | 1 |
_aDelay, Jean, _d1907-, _ecoaut. |
|
| 905 | _aLibro | ||
| 999 |
_c49882 _d49882 |
||